000 00722nam a2200277Ia 4500
005 20260324142620.0
008 008 260324s9999 xx 000 0 eng d
020 _a9781315831558
037 _aEBOOK
040 _aCRL
040 _beng
040 _cCRL
041 _2eng
041 _aeng
084 _qCRL
100 _aPeter J. Fensham; Richard F. Gunstone; Richard T. White
_91212610
245 4 _aThe Content Of Science: A Constructivist Approach To Its Teaching And learning
260 _bTaylor and Francis
260 _c1994
365 _a
365 _b135
856 _uhttp://www.taylorfrancis.com/books/9781315831558
942 _cEBOOK
999 _c1816998
_d1816998